[Event "Olimpiade 2022 - Open"]
[Site "Chennai"]
[Date "09.08.2022"]
[Round "11.32"]
[Board "4"]
[White "Mazara Ruiz, Adan Manuel"]
[Black "Santos, Jose Guilherme B Lima"]
[Result "1/2-1/2"]
[WhiteTitle "FM"]
[BlackTitle "FM"]
[WhiteElo "2286"]
[BlackElo "2361"]
[WhiteTeam "Dominican Republic"]
[BlackTeam "Portugal"]
[WhiteFideId "6400248"]
[BlackFideId "1939300"]
[EventDate "2022.07.29"]

1. e4 c5 2. Nf3 d6 3. Bb5+ Nd7 4. c3 Nf6 5. Qe2 a6 6. Ba4 b5 7. Bc2 Bb7 8. d4 e6
9. O-O Be7 10. Re1 Qc7 11. a4 O-O 12. axb5 axb5 13. Rxa8 Rxa8 14. e5 dxe5 15.
dxe5 Nd5 16. Na3 Ba6 17. c4 bxc4 18. Nxc4 Nf8 19. Qe4 Rd8 20. Bg5 Bxc4 21. Bxe7
Qxe7 22. Qxc4 Rb8 23. Be4 Rb4 24. Qc2 Nb6 25. h4 c4 26. Ra1 Qc5 27. Ra7 g6 28.
h5 Nbd7 29. Ra4 Rxa4 30. Qxa4 gxh5 31. Qa3 Ng6 32. Qxc5 Nxc5 33. Bxg6 hxg6 34.
Nd2 Nd3 35. Nxc4 g5 36. Kf1 h4 37. Ke2 g4 38. f3 g3 39. Ne3 Nxe5 40. f4 Nc6 41.
Nc2 Kf8 42. b4 Ke8 43. b5 Ne7 44. Nd4 Kd7 45. Nf3 Ng6 46. Ke3 f6 47. Ke4 f5+ 48.
Ke3 Kc7 49. Nd4 Kb6 50. Nxe6 Ne7 51. Nd4 Kc5 52. Nf3 Nd5+ 53. Kd2 h3 54. gxh3
Nxf4 55. h4 Kxb5 56. Ke3 Nh5 57. Nd4+ 1/2-1/2

[Event "Olimpiade 2022 - Open"]
[Site "Chennai"]
[Date "09.08.2022"]
[Round "11.34"]
[Board "3"]
[White "Volodin, Aleksandr"]
[Black "Adebayo, Adegboyega"]
[Result "1-0"]
[WhiteTitle "GM"]
[BlackTitle "FM"]
[WhiteElo "2454"]
[BlackElo "2313"]
[WhiteTeam "Estonia"]
[BlackTeam "Nigeria"]
[WhiteFideId "4501950"]
[BlackFideId "8500282"]
[EventDate "2022.07.29"]

1. d4 d5 2. c4 c6 3. Nf3 e6 4. g3 Nf6 5. Qc2 Nbd7 6. Bg2 b6 7. O-O Bb7 8. Nbd2
c5 9. cxd5 Nxd5 10. a3 Rc8 11. e4 cxd4 12. Qa4 Nf6 13. Nxd4 Be7 14. b4 a6 15.
Bb2 O-O 16. Rad1 b5 17. Qb3 Qb6 18. Ne2 Rfd8 19. Bd4 Qc7 20. Rc1 Qb8 21. Qb2 e5
22. Bc3 Nb6 23. Qa1 Bd6 24. Bb2 Na4 25. Nc3 Nxb2 26. Qxb2 Bc7 27. Bh3 Nd7 28.
Nd5 Bxd5 29. exd5 Bb6 30. Ne4 Bd4 31. Qe2 Rxc1 32. Rxc1 Nb6 33. d6 g6 34. Rc6 f5
35. Qa2+ Nc4 36. Nd2 Rxd6 37. Nxc4 bxc4 38. Qxc4+ Kg7 39. Rc7+ Kh6 40. Qf7 Qh8
41. Qe7 Rf6 42. Bf1 g5 43. Rd7 Rg6 44. Bc4 Qg7 45. Bf7 Rf6 46. Rd6 e4 47. Rxd4
Rxf7 48. Rd6+ Kh5 49. Qe6 Qf8 50. h3 g4 51. h4 Re7 52. Qc4 Qg7 53. Kg2 Re5 54.
Qd4 Re7 55. Qe3 h6 56. Qf4 Qf8 57. Rxh6+ 1-0

[Event "Olimpiade 2022 - Open"]
[Site "Chennai"]
[Date "09.08.2022"]
[Round "11.36"]
[Board "4"]
[White "Heidenfeld, Mark"]
[Black "Ilkhomi, Jaloliddin"]
[Result "1/2-1/2"]
[WhiteTitle "IM"]
[WhiteElo "2355"]
[BlackElo "2076"]
[WhiteTeam "Ireland"]
[BlackTeam "Tajikistan"]
[WhiteFideId "2500990"]
[BlackFideId "14700948"]
[EventDate "2022.07.29"]

1. e4 e6 2. d4 d5 3. Nc3 Bb4 4. Ne2 dxe4 5. a3 Be7 6. Nxe4 Nf6 7. Qd3 O-O 8. Bf4
Nbd7 9. N2c3 Nxe4 10. Nxe4 Nf6 11. Be2 Nxe4 12. Qxe4 Bg5 13. Bxg5 Qxg5 14. f4
Qg6 15. Bf3 Qxe4+ 16. Bxe4 Rb8 17. O-O-O b6 18. Rhe1 Rd8 19. Re3 g6 20. c4 Bb7
21. Bxb7 Rxb7 22. d5 exd5 23. Rxd5 Rbb8 24. Re7 Rxd5 25. cxd5 Rc8 26. Kd2 Kf8
27. d6 Rd8 28. Rxc7 Rxd6+ 29. Ke3 a6 30. Rb7 b5 31. Ra7 h5 32. h3 h4 33. Kf3 f5
34. Ke3 Kg8 35. Ke2 Kh8 36. Ke3 Kg8 37. b3 Kh8 38. a4 1/2-1/2

[Event "Olimpiade 2022 - Open"]
[Site "Chennai"]
[Date "09.08.2022"]
[Round "11.45"]
[Board "2"]
[White "Tissir, Mohamed"]
[Black "Brahami, Lamine"]
[Result "1-0"]
[WhiteTitle "IM"]
[BlackTitle "FM"]
[WhiteElo "2366"]
[BlackElo "2189"]
[WhiteTeam "Morocco"]
[BlackTeam "Algeria"]
[WhiteFideId "9000240"]
[BlackFideId "7905637"]
[EventDate "2022.07.29"]

1. e4 c5 2. Nf3 d6 3. d4 cxd4 4. Nxd4 Nf6 5. Nc3 a6 6. Bc4 e6 7. Bb3 Be7 8. g4
O-O 9. g5 Nfd7 10. h4 Nc5 11. Rg1 b5 12. Qe2 b4 13. Na4 Bd7 14. Nxc5 dxc5 15.
Nf3 Bb5 16. Bc4 Qb6 17. h5 Bxc4 18. Qxc4 Qb5 19. Qe2 Nc6 20. Be3 Rfd8 21. Nd2
Nd4 22. Bxd4 Rxd4 23. b3 Qc4 24. Qd3 Rxd3 25. Ke2 1-0

[Event "Olimpiade 2022 - Open"]
[Site "Chennai"]
[Date "09.08.2022"]
[Round "11.48"]
[Board "2"]
[White "Andrianiaina, Heritiana"]
[Black "Averbukh, Alex"]
[Result "1/2-1/2"]
[WhiteTitle "CM"]
[BlackTitle "CM"]
[WhiteElo "2095"]
[BlackElo "2155"]
[WhiteTeam "Madagascar"]
[BlackTeam "Japan"]
[WhiteFideId "13101048"]
[BlackFideId "2028255"]
[EventDate "2022.07.29"]

1. c4 c5 2. Nf3 g6 3. d4 cxd4 4. Nxd4 Bg7 5. g3 Nc6 6. Nb3 a5 7. N3d2 d5 8. cxd5
Qxd5 9. e4 Qc5 10. Na3 Bd4 11. Qe2 a4 12. Bg2 b6 13. O-O Ba6 14. Qd1 Bxf1 15.
Qxf1 Ne5 16. Nf3 Nxf3+ 17. Bxf3 e5 18. Be2 h5 19. h4 Nf6 20. Nb5 Kf8 21. Nxd4
exd4 22. e5 Qxe5 23. Bf4 Qe7 24. Rc1 Nd5 25. Bg5 f6 26. Bd2 Kg7 27. Bf3 Rad8 28.
Qc4 Qf7 29. Qxd4 Ne7 30. Qb4 Nf5 31. Bc3 Qxa2 32. Qxb6 Rd6 33. Qa7+ Qf7 34. Qxa4
Rhd8 35. Re1 Qc7 36. Qf4 Qa7 37. Bxh5 gxh5 38. Qg5+ Kf8 39. Qxf5 Re8 40. Rxe8+
Kxe8 41. Qxh5+ Qf7 42. Qf3 Qe6 43. Kg2 Kf7 44. Qh5+ Kg7 45. Qg5+ Kf7 46. Qf4 Rd1
47. Qf3 Ra1 48. Qb7+ Qe7 49. Qxe7+ Kxe7 50. Kf3 Ke6 51. Kf4 Ra4+ 52. Ke3 Ra1 53.
f3 Rh1 54. Kf4 Ra1 55. Kg4 Ra4+ 56. Kh3 Ra1 57. g4 Rh1+ 58. Kg3 Rg1+ 59. Kh2 Rf1
60. Kg2 Ra1 61. f4 Rd1 62. f5+ Kf7 63. g5 fxg5 64. hxg5 Rd5 65. g6+ Kg8 66. Kf3
Rxf5+ 67. Ke4 Rg5 68. g7 Kf7 69. Bd4 Ke6 70. Kf4 Rg6 1/2-1/2

[Event "Olimpiade 2022 - Open"]
[Site "Chennai"]
[Date "09.08.2022"]
[Round "11.49"]
[Board "4"]
[White "Espinoza Solano, Jose Nahum"]
[Black "Al-Subaihi, Khalil"]
[Result "1-0"]
[WhiteElo "2093"]
[BlackElo "2141"]
[WhiteTeam "Nicaragua"]
[BlackTeam "Yemen"]
[WhiteFideId "6104428"]
[BlackFideId "9400133"]
[EventDate "2022.07.29"]

1. e4 d5 2. exd5 Nf6 3. d4 Nxd5 4. c4 Nb6 5. Nc3 e5 6. d5 Bc5 7. Nf3 Bg4 8. h3
Bxf3 9. Qxf3 O-O 10. Be3 Bxe3 11. Qxe3 f5 12. O-O-O Qe7 13. f4 N8d7 14. g4 fxg4
15. hxg4 Rxf4 16. Bd3 g6 17. Ne4 Nf6 18. Nxf6+ Qxf6 19. Kb1 Nxc4 20. Qc1 Nb6 21.
Qxc7 Qg7 22. Qd6 Qf6 23. Qxf6 Rxf6 24. Rhe1 Rd6 25. Rxe5 Rad8 26. b3 a6 27. g5
R8d7 28. a4 Kg7 29. Be4 Nc8 30. Kb2 Re7 31. Rxe7+ Nxe7 32. Kc3 h6 33. gxh6+ Kxh6
34. Kd4 Kg7 35. Ke5 Rd8 36. d6 Nc6+ 37. Bxc6 bxc6 38. d7 g5 1-0

[Event "Olimpiade 2022 - Open"]
[Site "Chennai"]
[Date "09.08.2022"]
[Round "11.52"]
[Board "3"]
[White "Kwong, Wing Ki"]
[Black "Abugenda, Nagi"]
[Result "1/2-1/2"]
[WhiteElo "1824"]
[BlackElo "1991"]
[WhiteTeam "Hong Kong"]
[BlackTeam "Libya"]
[WhiteFideId "6002013"]
[BlackFideId "9202544"]
[EventDate "2022.07.29"]

1. d4 Nf6 2. c4 e6 3. Nf3 b6 4. g3 Bb7 5. Bg2 Bb4+ 6. Nbd2 O-O 7. a3 Bxd2+ 8.
Qxd2 d6 9. O-O Nbd7 10. b4 c5 11. Bb2 Rc8 12. Rfd1 Qc7 13. Rac1 Rfd8 14. h3 Qb8
15. Ba1 a6 16. dxc5 dxc5 17. Qb2 Qc7 18. Rd2 Nf8 19. Rxd8 Rxd8 20. Ne5 Bxg2 21.
Kxg2 Ng6 22. Ng4 Ne8 23. Kg1 Qd6 24. Ne3 Qc6 25. Qc2 Rd6 26. Rd1 f6 27. Rd3 Kf7
28. Qd2 Rxd3 29. Qxd3 Qd6 30. Bc3 Qxd3 31. exd3 Ke7 32. d4 Kd6 33. f4 f5 34. Kg2
Nf6 35. Kf3 Ne4 36. dxc5+ bxc5 37. Bxg7 h5 38. Nf1 Kc6 39. Bb2 Nf8 40. Ke3 Nd7
41. g4 Nd6 42. Nd2 fxg4 43. hxg4 hxg4 44. Be5 Nf5+ 45. Kf2 Nb6 46. Bc3 Na4 47.
Ne4 Nxc3 48. Nxc3 Nd6 49. Kg3 Nxc4 50. Kxg4 Nxa3 51. bxc5 Kxc5 52. Kg5 Nb5 53.
Na4+ Kd6 54. f5 exf5 55. Kxf5 Kd5 56. Kf4 Kd4 57. Kf3 a5 58. Nb6 Nc3 59. Kf2 Kc5
60. Nd7+ Kd4 61. Nb6 Nd5 62. Na4 Kc4 63. Ke1 Kb4 64. Nb2 Kb3 65. Nd3 Kc2 66. Nc5
Nf4 67. Na4 Nd5 68. Nc5 Nc3 69. Kf1 Nd5 70. Ke1 Nb4 71. Ke2 Na2 72. Ke1 Nc3 73.
Kf1 Kb2 74. Ke1 Ka3 75. Kd2 Kb4 76. Nd3+ Kb3 77. Nc1+ Kc4 78. Kc2 a4 79. Kb2 Nb5
80. Ka1 a3 81. Ka2 Kb4 82. Nd3+ Kc3 83. Nc5 Kc4 84. Na6 Kc3 85. Nc7 1/2-1/2

[Event "Olimpiade 2022 - Open"]
[Site "Chennai"]
[Date "09.08.2022"]
[Round "11.52"]
[Board "4"]
[White "Naser Eldean, Ahmed"]
[Black "Kannappan, Thanneermalai"]
[Result "1/2-1/2"]
[WhiteElo "1941"]
[BlackElo "1699"]
[WhiteTeam "Libya"]
[BlackTeam "Hong Kong"]
[WhiteFideId "9205365"]
[BlackFideId "6003648"]
[EventDate "2022.07.29"]

1. d4 Nf6 2. Nf3 g6 3. g3 Bg7 4. Bg2 d5 5. O-O O-O 6. Nbd2 c6 7. b3 Bf5 8. Bb2
Ne4 9. a3 Nd7 10. Nh4 Nxd2 11. Qxd2 Be6 12. f4 Nf6 13. f5 Bd7 14. Qf4 Qb8 15.
Qe3 Qc7 16. Bc1 Ng4 17. Qd3 Qb6 18. c3 e5 19. fxe6 fxe6 20. h3 Rxf1+ 21. Bxf1
Nf6 22. b4 Ne4 23. Kh2 e5 24. Nf3 Nxg3 25. Kxg3 e4 26. Qe3 exf3 27. exf3 Re8 28.
Qf2 Bf5 29. Bf4 Qd8 30. Re1 Rxe1 31. Qxe1 Bf6 32. Kh2 Kf7 33. a4 1/2-1/2

[Event "Olimpiade 2022 - Open"]
[Site "Chennai"]
[Date "09.08.2022"]
[Round "11.54"]
[Board "4"]
[White "Kassis, Antoine LIB"]
[Black "Rodriguez Guevara, Celia M."]
[Result "1-0"]
[WhiteTitle "FM"]
[WhiteElo "2202"]
[BlackElo "1859"]
[WhiteTeam "Lebanon"]
[BlackTeam "Cape Verde"]
[WhiteFideId "5300150"]
[BlackFideId "3511596"]
[EventDate "2022.07.29"]

1. e4 d5 2. Nc3 c6 3. d4 dxe4 4. Nxe4 Bf5 5. Ng3 Bg6 6. h4 h6 7. Nf3 Nf6 8. h5
Bh7 9. Bd3 Bxd3 10. Qxd3 e6 11. Bd2 Be7 12. O-O-O O-O 13. Ne4 Nxe4 14. Qxe4 Qd5
15. Qg4 Kh8 16. Kb1 Nd7 17. Qh3 Nf6 18. Be3 Ne4 19. Ne5 Ng5 20. Qg3 Bf6 21. f4
Ne4 22. Qe1 Kg8 23. c4 Qd8 24. g4 Be7 25. Bc1 Nd6 26. Qe3 Qc8 27. c5 Ne8 28. g5
f5 29. gxh6 gxh6 30. Rhg1+ Kh8 31. Qg3 Kh7 32. Nf7 1-0

[Event "Olimpiade 2022 - Open"]
[Site "Chennai"]
[Date "09.08.2022"]
[Round "11.56"]
[Board "1"]
[White "Christie, Joshua"]
[Black "Namale, Ben Nguku"]
[Result "1-0"]
[WhiteTitle "FM"]
[WhiteElo "2272"]
[BlackElo "1962"]
[WhiteTeam "Jamaica"]
[BlackTeam "Kenya"]
[WhiteFideId "7402074"]
[BlackFideId "10800263"]
[EventDate "2022.07.29"]

1. d4 d5 2. c4 e6 3. Nc3 Nf6 4. cxd5 exd5 5. Bg5 Be7 6. Qc2 c6 7. e3 O-O 8. Bd3
h6 9. Bh4 Re8 10. Nge2 Nh5 11. Bxe7 Qxe7 12. O-O-O b5 13. Bh7+ Kh8 14. Bf5 b4
15. Nxd5 cxd5 16. Bxc8 Nd7 17. Bxd7 Qxd7 18. Kb1 Nf6 19. Ng3 Re6 20. Rc1 Ra6 21.
Qb3 Rb8 22. Rc5 Rb7 23. Rhc1 g6 24. Ka1 h5 25. f3 Qd6 26. e4 dxe4 27. Qe3 Kg7
28. Rg5 Kh7 29. Nxe4 1-0

[Event "Olimpiade 2022 - Open"]
[Site "Chennai"]
[Date "09.08.2022"]
[Round "11.56"]
[Board "4"]
[White "Oluka Robert Mcligeyo"]
[Black "Shaw, Jaden"]
[Result "1/2-1/2"]
[WhiteElo "1823"]
[BlackElo "1930"]
[WhiteTeam "Kenya"]
[BlackTeam "Jamaica"]
[WhiteFideId "10814647"]
[BlackFideId "7402880"]
[EventDate "2022.07.29"]

1. e4 e6 2. d4 d5 3. Nd2 c5 4. exd5 Qxd5 5. Ngf3 cxd4 6. Bc4 Qd6 7. O-O Nf6 8.
Nb3 Nc6 9. Nbxd4 Nxd4 10. Nxd4 a6 11. c3 Qc7 12. Bb3 Bd6 13. h3 O-O 14. Qf3 e5
15. Nc2 Bd7 16. Bg5 Bc6 17. Qe2 Ne4 18. Bh4 Nc5 19. Ne3 Nxb3 20. axb3 f5 21.
Rad1 Rae8 22. Qd3 Be7 23. Bxe7 Qxe7 24. Nxf5 Qg5 25. Ne3 Kh8 26. c4 Rf3 27. h4
Qxh4 28. Qe2 Qg5 29. b4 Rf4 30. Nd5 Rg4 31. f3 Rh4 32. Qf2 Rxc4 33. Rfe1 Bxd5
34. Rxd5 Rc1 35. Qf1 Rc2 36. f4 Qg6 37. Rdxe5 Qb6+ 38. Kh1 1/2-1/2

[Event "Olimpiade 2022 - Open"]
[Site "Chennai"]
[Date "09.08.2022"]
[Round "11.57"]
[Board "4"]
[White "Madol Garang Panthoum"]
[Black "Shaker, Musab"]
[Result "1-0"]
[WhiteElo "1985"]
[BlackElo "1705"]
[WhiteTeam "South Sudan"]
[BlackTeam "Bahrain"]
[WhiteFideId "10021183"]
[BlackFideId "11201789"]
[EventDate "2022.07.29"]

1. e4 e5 2. Nc3 Nf6 3. Nf3 Nc6 4. Bc4 Nxe4 5. O-O Nf6 6. Re1 Be7 7. Nxe5 Nxe5 8.
Rxe5 d6 9. Re1 d5 10. Bb3 O-O 11. d4 c6 12. Ne2 Ne4 13. f3 Ng5 14. Bf4 Ne6 15.
Bg3 Bg5 16. c3 h5 17. f4 Bh6 18. f5 Ng5 19. Nf4 Bxf5 20. Qxh5 Qd7 21. Qd1 Ne4
22. Qf3 Rae8 23. h3 Nxg3 24. Qxg3 Qd6 25. Nh5 Qxg3 26. Nxg3 Bg6 27. Kf2 f6 28.
c4 dxc4 29. Bxc4+ Kh7 30. h4 Rd8 31. h5 Bf7 32. Bd3+ Kh8 33. Re4 c5 34. Nf5 Bxh5
35. Rh4 Be8 36. Nxh6 gxh6 37. Rxh6+ Kg8 38. Rah1 Kf7 39. Bg6+ Ke6 40. Re1+ Kd5
41. Bxe8 Rdxe8 42. Rxe8 Rxe8 43. dxc5 Kxc5 44. Rxf6 Rd8 45. Kg1 b5 46. g3 a5 47.
Kg2 a4 48. Rf2 Rd3 49. Kh3 b4 50. Kh4 a3 51. b3 Rd1 52. g4 Rh1+ 53. Kg3 Kd4 54.
g5 Kc3 55. Rg2 Kd4 56. g6 Rh8 57. g7 Rg8 58. Kf4 Kc3 59. Kf5 1-0

[Event "Olimpiade 2022 - Open"]
[Site "Chennai"]
[Date "09.08.2022"]
[Round "11.60"]
[Board "1"]
[White "Van den Brink, Peter"]
[Black "Oatlhotse, Providence"]
[Result "1/2-1/2"]
[BlackTitle "IM"]
[WhiteElo "2167"]
[BlackElo "2204"]
[WhiteTeam "Aruba"]
[BlackTeam "Botswana"]
[WhiteFideId "1002945"]
[BlackFideId "11300507"]
[EventDate "2022.07.29"]

1. c4 g6 2. g3 Bg7 3. Bg2 e5 4. Nc3 Ne7 5. e3 O-O 6. Nge2 c6 7. d4 d6 8. O-O f5
9. dxe5 dxe5 10. e4 Qc7 11. f4 Be6 12. b3 Na6 13. Ba3 Rad8 14. Qc2 Nb4 15. Bxb4
Qb6+ 16. Kh1 Qxb4 17. a3 Qa5 18. b4 Qa6 19. c5 Bc4 20. Rfd1 Bd3 21. Qa2+ Qc4 22.
Rd2 Qxa2 23. Raxa2 exf4 24. gxf4 Bc4 25. Rac2 fxe4 26. Bxe4 Nf5 27. Bxf5 gxf5
28. Kg2 Bd3 29. Ra2 Rfe8 30. Kf3 Kf7 31. Nc1 Bc4 32. Rxd8 Rxd8 33. Rc2 Bd3 34.
Rd2 Be4+ 35. Nxe4 fxe4+ 36. Ke3 Rxd2 37. Kxd2 Bb2 38. Ne2 Bxa3 39. Kc3 a5 40.
bxa5 Bxc5 41. Ng3 e3 42. Ne4 Ba7 43. Nd6+ Ke6 44. Nxb7 Kf5 45. Nd8 Kxf4 46. Nxc6
Kf3 47. Ne5+ Kg2 48. h4 h5 49. a6 Kg3 50. Kd3 Kf2 51. Ke4 e2 52. Nd3+ Kg3 53.
Ne1 Bb6 54. Nc2 Kg4 55. Ne1 Bf2 56. Nc2 Bc5 57. Ne1 Ba7 58. Nc2 Kxh4 59. Kf3 Kh3
60. Kxe2 Kg2 61. Ne3+ Kg3 62. Nf5+ Kf4 63. Kf1 Kxf5 64. Kg2 Kg4 65. Kh1 h4 66.
Kg2 Kg5 67. Kh1 Kf6 68. Kg2 Ke6 69. Kh3 Kd6 70. Kxh4 Kc6 71. Kg4 Kb6 72. Kf5
Kxa6 1/2-1/2

[Event "Olimpiade 2022 - Open"]
[Site "Chennai"]
[Date "09.08.2022"]
[Round "11.60"]
[Board "4"]
[White "Monnaatsheko, Keletshabile"]
[Black "Antonio, Kyell-Jean"]
[Result "1-0"]
[WhiteElo "2014"]
[BlackElo "1497"]
[WhiteTeam "Botswana"]
[BlackTeam "Aruba"]
[WhiteFideId "11302941"]
[BlackFideId "15900746"]
[EventDate "2022.07.29"]

1. d4 d5 2. Bf4 c5 3. e3 Nf6 4. c3 e6 5. Nd2 Bd6 6. Bg3 Nc6 7. Ngf3 O-O 8. Bd3
b6 9. e4 dxe4 10. Nxe4 Nxe4 11. Bxe4 Bb7 12. dxc5 Bxc5 13. Qa4 Rc8 14. Rd1 Qe8
15. Bxh7+ Kh8 16. Qh4 g5 17. Qh6 f5 18. Bg6+ Kg8 19. Qh7# 1-0

[Event "Olimpiade 2022 - Open"]
[Site "Chennai"]
[Date "09.08.2022"]
[Round "11.61"]
[Board "2"]
[White "Garcia Cuestas, Kevin"]
[Black "Salim Mohammed, Salim Al Amri"]
[Result "0-1"]
[BlackTitle "FM"]
[WhiteElo "1984"]
[BlackElo "1917"]
[WhiteTeam "Honduras"]
[BlackTeam "Oman"]
[WhiteFideId "8400776"]
[BlackFideId "22000089"]
[EventDate "2022.07.29"]

1. Nf3 c5 2. g3 d5 3. d4 Nc6 4. Bg2 Bg4 5. c3 e6 6. Qa4 Bxf3 7. Bxf3 Nf6 8. Nd2
cxd4 9. cxd4 Qb6 10. e3 Be7 11. O-O O-O 12. a3 Rfc8 13. b4 a5 14. b5 Na7 15. Rb1
Qd8 16. Bb2 Qd7 17. Be2 b6 18. Nf3 Bd6 19. Rfc1 Ne4 20. Qd1 f6 21. Bd3 f5 22.
Ne5 Bxe5 23. dxe5 Nc5 24. Bf1 a4 25. Bd4 Nb3 26. Rxc8+ Rxc8 27. Rxb3 axb3 28.
Qxb3 Rb8 29. Qb4 Nc8 30. a4 Ra8 31. Be2 Kf7 32. Kg2 Qc7 33. Bc3 Ne7 34. g4 g6
35. gxf5 Nxf5 36. Bf3 Rc8 37. Bd4 Qc1 38. Bxb6 Rc4 39. Qxc4 Qxc4 0-1

[Event "Olimpiade 2022 - Open"]
[Site "Chennai"]
[Date "09.08.2022"]
[Round "11.62"]
[Board "3"]
[White "Arnold Smith"]
[Black "Rurik Capella"]
[Result "1/2-1/2"]
[BlackTitle "FM"]
[WhiteElo "1931"]
[BlackElo "1952"]
[WhiteTeam "Liberia"]
[BlackTeam "Netherlands Antilles"]
[WhiteFideId "22600558"]
[BlackFideId "7501005"]
[EventDate "2022.07.29"]

1. d4 d5 2. Nf3 c5 3. c3 Nc6 4. e3 cxd4 5. exd4 Bg4 6. Be2 Nf6 7. h3 Bh5 8. O-O
e6 9. Bf4 Bd6 10. Bxd6 Qxd6 11. Nbd2 O-O 12. Re1 Rad8 13. Qc2 Rfe8 14. Rad1 Rc8
15. Qb1 Nd7 16. Bd3 f5 17. Be2 Nf6 18. Ne5 Bxe2 19. Rxe2 Re7 20. Rf1 Rf8 21.
Ndf3 Ne4 22. Qd3 a6 23. Nxc6 Qxc6 24. Ne5 Qd6 25. Rfe1 b5 26. a3 Rfe8 27. Re3
Rf8 28. Qe2 g6 29. Qd1 Kg7 30. Nd3 h6 31. Nc5 Rfe8 1/2-1/2

[Event "Olimpiade 2022 - Open"]
[Site "Chennai"]
[Date "09.08.2022"]
[Round "11.64"]
[Board "3"]
[White "Vella, Duncan"]
[Black "Abdelhakiem Abdellatief Nogdalla Fadul"]
[Result "1-0"]
[WhiteTitle "CM"]
[WhiteElo "1985"]
[BlackElo "1960"]
[WhiteTeam "Malta"]
[BlackTeam "Sudan"]
[WhiteFideId "5600243"]
[BlackFideId "12202460"]
[EventDate "2022.07.29"]

1. e4 c5 2. Nc3 Nc6 3. Bb5 a6 4. Bxc6 dxc6 5. d3 g6 6. f4 Bg7 7. Nf3 Nf6 8. O-O
O-O 9. Qe1 Bg4 10. Ne5 Be6 11. Be3 b6 12. Nxc6 Qc7 13. Ne5 Rad8 14. Nf3 Ng4 15.
Bd2 Bd4+ 16. Kh1 f5 17. Ng5 Bc8 18. Nd5 Qd6 19. Qh4 h5 20. Nf3 Bf6 21. Nxf6+
exf6 22. h3 fxe4 23. dxe4 Kg7 24. e5 fxe5 25. Bc3 Rde8 26. hxg4 hxg4 27. Nxe5
Rf6 28. Nxg4 Bxg4 29. Qxg4 Rh8+ 30. Kg1 Rh5 31. Rad1 Qf8 32. Qd7+ Kh6 33. Bxf6
Qxf6 34. Qd8 Rf5 35. Qxf6 1-0

[Event "Olimpiade 2022 - Open"]
[Site "Chennai"]
[Date "09.08.2022"]
[Round "11.65"]
[Board "2"]
[White "Chiwambo Stansford"]
[Black "Anhwere, Bernard"]
[Result "1-0"]
[WhiteElo "1913"]
[BlackElo "1890"]
[WhiteTeam "Malawi"]
[BlackTeam "Ghana"]
[WhiteFideId "20500530"]
[BlackFideId "12600580"]
[EventDate "2022.07.29"]

1. c4 Nf6 2. d4 g6 3. Nc3 Bg7 4. e4 d6 5. Nf3 O-O 6. Be2 e5 7. O-O exd4 8. Nxd4
Re8 9. Bf3 c6 10. Bf4 Bf8 11. Nde2 Bg4 12. Ng3 Bxf3 13. Qxf3 Nbd7 14. Rfd1 Ne5
15. Qe2 Qc8 16. h3 Qe6 17. b3 Bg7 18. Rac1 Rad8 19. Qe3 b6 20. Bg5 h6 21. Bf4
Kh7 22. Qe2 Ng8 23. Qc2 h5 24. Nge2 Ne7 25. Bg5 f6 26. Be3 g5 27. Nd4 Qc8 28. f4
gxf4 29. Bxf4 N7g6 30. Be3 Ne7 31. Qe2 Rh8 32. Rf1 Kg8 33. Nf5 Nxf5 34. Rxf5 Kf7
35. Rxh5 Rdg8 36. Rf1 Ke7 37. Rxh8 Bxh8 38. Rf5 Rg6 39. Bf4 Qg8 40. Bxe5 fxe5
41. g4 Qh7 42. Qf3 Bf6 43. Ne2 Qh6 44. a4 Qd2 45. Ng3 Qe1+ 46. Kg2 Qd2+ 47. Qf2
Qd3 48. Rf3 Qb1 49. a5 c5 50. axb6 axb6 51. Qd2 Bg5 52. Qd5 Bf4 53. Nf5+ Kf8 54.
Qa8+ Kf7 55. Qb7+ Kf8 56. Qe7+ Kg8 57. Qe8+ Kh7 58. Qf7+ Kh8 59. Rxf4 exf4 60.
Qxg6 f3+ 61. Kxf3 Qf1+ 62. Kg3 Qe1+ 63. Kf4 Qd2+ 64. Ne3 Qf2+ 65. Kg5 Qxe3+ 66.
Kf6 Qf4+ 67. Qf5 Qh6+ 68. Ke7 Qg7+ 69. Kxd6 Qh6+ 70. Kc7 Qg7+ 71. Kxb6 Qc3 72.
Kxc5 Qa5+ 73. Kd6 Qd8+ 74. Ke5 Qc7+ 75. Kd4 Qb6+ 76. Kc3 Qe3+ 77. Kb4 Qb6+ 78.
Qb5 Qd6+ 79. Qc5 Qd2+ 80. Kb5 Qd7+ 81. Qc6 Qd3 82. b4 Qd8 83. Qh6+ Kg8 84. Qg6+
Kh8 85. Qh5+ Kg7 86. Qe5+ Kh7 87. Qf5+ Kg7 88. c5 Qe8+ 89. c6 Qb8+ 90. Kc4 Qb6
91. Qd7+ Kh8 92. Qd4+ 1-0

[Event "Olimpiade 2022 - Open"]
[Site "Chennai"]
[Date "09.08.2022"]
[Round "11.65"]
[Board "3"]
[White "Fomevor, Cephas Clinton"]
[Black "Nyambalo, Joseph Xavier"]
[Result "0-1"]
[BlackTitle "CM"]
[WhiteElo "1830"]
[BlackElo "1981"]
[WhiteTeam "Ghana"]
[BlackTeam "Malawi"]
[WhiteFideId "12601330"]
[BlackFideId "20500041"]
[EventDate "2022.07.29"]

1. c4 Nf6 2. Nf3 g6 3. g3 b6 4. Bg2 Bb7 5. O-O Bg7 6. Nc3 O-O 7. Re1 d6 8. e4 e5
9. d4 Nbd7 10. dxe5 Nxe5 11. Nxe5 dxe5 12. Qc2 c6 13. b3 Qe7 14. Bb2 Rfd8 15.
Rad1 Ne8 16. Qc1 Nc7 17. Ba3 Qf6 18. Qe3 Ne6 19. Rxd8+ Rxd8 20. Rd1 Rd4 21. Rd3
Qd8 22. Bf1 Bf8 23. Bb2 Nc5 24. Rxd4 exd4 25. Qd2 Ne6 26. Ne2 c5 27. Bg2 Bg7 28.
Bc1 Qa8 29. Qd3 a5 30. f3 a4 31. Bh3 axb3 32. axb3 Nd8 33. Bd2 Nc6 34. Bg2 Qa1+
35. Nc1 Ne5 36. Qe2 h5 37. h3 Nc6 38. f4 Na5 39. Qd3 Nc6 40. Kh2 Nb4 41. Qe2 Na2
42. Nxa2 Qxa2 43. Qd3 Qa8 44. Qe2 Kf8 45. Be1 Qa3 46. Qd3 Qb2 47. Bd2 Bc8 48.
Kg1 Kg8 49. Kh2 Bf8 50. Kg1 Bd7 51. Kh2 b5 52. Kg1 bxc4 53. bxc4 Be6 54. Kh2 Qa2
55. Bf1 Bxc4 56. Qxc4 Qxd2+ 57. Be2 h4 58. Qd3 hxg3+ 59. Kxg3 Qc1 60. f5 Qg1+
61. Kf3 Bd6 62. Bf1 c4 63. Qd2 0-1

[Event "Olimpiade 2022 - Open"]
[Site "Chennai"]
[Date "09.08.2022"]
[Round "11.66"]
[Board "3"]
[White "Germinal, Kemly"]
[Black "Nathoo, Loris"]
[Result "1-0"]
[WhiteElo "1997"]
[BlackElo "1695"]
[WhiteTeam "Haiti"]
[BlackTeam "Guyana"]
[WhiteFideId "11900571"]
[BlackFideId "19700083"]
[EventDate "2022.07.29"]

1. e4 c5 2. Nc3 Nc6 3. Bb5 a6 4. Bxc6 dxc6 5. d3 e5 6. f4 Bd6 7. fxe5 Bxe5 8.
Nf3 Bg4 9. O-O Qe7 10. Qe1 Bxf3 11. Rxf3 O-O-O 12. Na4 b5 13. Nc3 f6 14. Ne2 g5
15. Qa5 Kb7 16. a4 Bc7 17. Qc3 Be5 18. Qb3 Nh6 19. axb5 axb5 20. Rf1 Ng4 21. h3
h5 22. Bxg5 c4 23. dxc4 fxg5 24. cxb5 Qc5+ 25. Kh1 Nf2+ 26. Rxf2 Qxf2 27. bxc6+
Kc7 28. Qb7+ Kd6 29. c7 Rc8 30. Qd5+ Kxc7 31. Qxe5+ Kb7 32. Nd4 Rhf8 1-0